000 00503nam a2200169 i 4500
001 93551
003 ES-MaACL
005 20231227201228.0
007 t|
008 050413s1961 sp ||||1| spa d
100 1 _aLópez Anglada, Luis,
_d1919-2007
_973405
245 1 0 _aContemplación de España (1957-1960) /
_cLuis López Anglada.
260 _aMadrid :
_b[s.n.],
_c1961 (
_fGráf. Osca)
300 _a117 p. ;
_c19 cm.
852 _aES-MaACL
_jC-20595
_bR.49037
999 _c93551
_d93551